000 00583nam a2200229Ia 4500
003 OSt
005 20220924143312.0
006 a|||||r|||| 00| 0
007 ta
008 220923b |||||||| |||| 00| 0 ori d
024 _a307657
037 _cTextual
040 _aARTS
_cARTS
_bORI
041 _2ORI
_aORI
082 _aO1591,3NPA,8, L2
100 _aPanigrahi K.C.
_9215050
245 0 _aMuktagadar Khudha
260 _c1972
650 _aORIYA LITERATURE
_927692
942 _hO1591,3NPA,8, L2
_cTEXL
_2CC
999 _c453985
_d453985